[Event "34. ABC-Turnier 2014 - Gruppe E"]
[Site "Dortmund"]
[Date "2014.10.30"]
[Round "4.2"]
[White "Rabe, Mark"]
[Black "Schulz, Wolfgang"]
[Result "1-0"]
[WhiteElo "1024"]
[BlackElo "994"]
[PlyCount "85"]
[EventDate "2014.??.??"]

1. c4 e5 2. Nc3 Nf6 3. e4 Bb4 4. Be2 Nc6 5. a3 Bc5 6. b4 Be7 7. Nf3 O-O 8. O-O
d6 9. d3 h6 10. d4 Nd7 11. d5 Ncb8 12. Be3 b6 13. Qd2 Kh7 14. h3 f5 15. exf5
Nf6 16. Nh4 Qe8 17. Ng6 Rf7 18. Nh4 Bd8 19. Qd1 Qf8 20. Ng6 Qg8 21. g4 Nbd7 22.
Qd2 e4 23. g5 Ne5 24. Nxe5 dxe5 25. g6+ Kh8 26. gxf7 Qxf7 27. d6 Bxf5 28. Kh2
Nh5 29. Rg1 Nf4 30. Bxf4 Qf6 31. Bg3 Qe6 32. d7 Bxh3 33. Nxe4 a5 34. Qd5 Qxd5
35. cxd5 Bxd7 36. Bxe5 Bg5 37. Nxg5 hxg5 38. Rxg5 Re8 39. Bxg7+ Kh7 40. Bd3+
Kg8 41. Be5+ Kf8 42. Re1 Kf7 43. Bg6+ 1-0

[Event "34. ABC-Turnier 2014 - Gruppe E"]
[Site "Dortmund"]
[Date "2014.10.30"]
[Round "4.4"]
[White "Miska, Thomas"]
[Black "Schmidt, Andreas N"]
[Result "1-0"]
[WhiteElo "936"]
[BlackElo "1019"]
[PlyCount "52"]
[EventDate "2014.??.??"]

1. e4 e5 2. Nf3 Nf6 3. Nc3 Nc6 4. Bb5 Bc5 5. O-O O-O 6. Bxc6 dxc6 7. Nxe5 Bd6
8. Nd3 Ng4 9. g3 Qg5 10. h3 Ne5 11. Nf4 Ng4 12. d4 Nxf2 13. Kxf2 Bxh3 14. Rg1
f5 15. e5 Bg4 16. Nce2 Be7 17. Ne6 Qh5 18. Nxf8 Qh2+ 19. Rg2 Qh5 20. Ne6 Bf3
21. N6f4 Qg4 22. Rh2 g5 23. Qg1 gxf4 24. gxf4 Bh4+ 25. Rxh4 Qxg1+ 26. Nxg1 Bg4
1-0

[Event "34. ABC-Turnier 2014 - Gruppe E"]
[Site "Dortmund"]
[Date "2014.10.30"]
[Round "4.5"]
[White "Wilkins, Petra"]
[Black "Reker, Gerhard"]
[Result "1-0"]
[WhiteElo "1044"]
[BlackElo "916"]
[PlyCount "63"]
[EventDate "2014.??.??"]

1. d4 d5 2. Nf3 Nf6 3. g3 Bg4 4. Ne5 e6 5. Bg2 Bd6 6. Nxg4 Nxg4 7. O-O O-O 8.
Nd2 Nc6 9. c3 e5 10. e3 Nf6 11. Qc2 e4 12. c4 Re8 13. cxd5 Nb4 14. Qb3 b6 15.
f3 Nbxd5 16. fxe4 Bxg3 17. h3 Ne7 18. e5 Nfd5 19. Nf3 Rb8 20. Bh1 Ng6 21. e4
Ndf4 22. Bg2 Qd7 23. Ng5 Bh4 24. Bxf4 Nxf4 25. Rxf4 Bxg5 26. Rf5 Qxd4+ 27. Kh1
Bh6 28. Qxf7+ Kh8 29. Qxc7 g6 30. Rf7 Bf4 31. Rxh7+ Kg8 32. Qf7# 1-0

[Event "34. ABC-Turnier 2014 - Gruppe E"]
[Site "Dortmund"]
[Date "2014.11.06"]
[Round "5.1"]
[White "Reker, Gerhard"]
[Black "Sobottka, Hans-Gerald"]
[Result "0-1"]
[WhiteElo "916"]
[BlackElo "956"]
[PlyCount "48"]
[EventDate "2014.??.??"]

1. e4 e5 2. Nf3 Nc6 3. Bb5 Nf6 4. d3 Bc5 5. Bxc6 bxc6 6. Nxe5 Bd4 7. Bf4 Bxe5
8. Bxe5 d6 9. Bxf6 Qxf6 10. Nc3 Rb8 11. Rb1 O-O 12. O-O Qg6 13. Qf3 Bg4 14. Qe3
d5 15. Rfe1 f5 16. exd5 f4 17. Qc5 Bh3 18. g3 fxg3 19. fxg3 Rbe8 20. Ne4 Qf5
21. Nd2 Re5 22. Rxe5 Qxe5 23. Qxc6 Qe2 24. Qc3 Qg2# 0-1

[Event "34. ABC-Turnier 2014 - Gruppe E"]
[Site "Dortmund"]
[Date "2014.11.06"]
[Round "5.2"]
[White "Schmidt, Andreas N"]
[Black "Wilkins, Petra"]
[Result "1-0"]
[WhiteElo "1019"]
[BlackElo "1044"]
[PlyCount "103"]
[EventDate "2014.??.??"]

1. e4 d6 2. d4 g6 3. Nf3 Bg7 4. Bc4 Nd7 5. Ng5 e6 6. Qf3 Ngf6 7. Bf4 O-O 8. Qb3
d5 9. exd5 Nb6 10. dxe6 Qe7 11. O-O Nxc4 12. exf7+ Kh8 13. Qxc4 c6 14. h4 Bh6
15. Be5 Bg7 16. Nc3 h6 17. Nf3 Rxf7 18. Rae1 Be6 19. Qd3 Bf5 20. Qc4 Rg8 21. d5
Bxc2 22. dxc6 bxc6 23. Qxc6 Bd3 24. Nd5 Qd8 25. Qe6 Qxd5 26. Bxf6 Qxe6 27. Rxe6
Bxf1 28. Bxg7+ Rfxg7 29. Kxf1 Kh7 30. Ne5 g5 31. Ng4 Rg6 32. Nf6+ Rxf6 33. Rxf6
gxh4 34. Rf7+ Kg6 35. Rxa7 Rc8 36. Kg1 h5 37. Ra5 Rc2 38. b4 Rc3 39. Kh2 Rc4
40. b5 Rc5 41. Ra6+ Kg5 42. b6 Rc8 43. Ra5+ Kg6 44. Rb5 Kf6 45. a4 Ke6 46. b7
Rb8 47. a5 h3 48. g3 Kd7 49. f4 Kc6 50. Rb1 Rxb7 51. Rxb7 Kxb7 52. f5 1-0

[Event "34. ABC-Turnier 2014 - Gruppe E"]
[Site "Dortmund"]
[Date "2014.11.20"]
[Round "6.1"]
[White "Sobottka, Hans-Gerald"]
[Black "Rabe, Mark"]
[Result "0-1"]
[WhiteElo "956"]
[BlackElo "1024"]
[PlyCount "76"]
[EventDate "2014.??.??"]

1. c4 d5 2. cxd5 Qxd5 3. Nc3 Qa5 4. e4 Nf6 5. Nf3 c6 6. a3 e6 7. e5 Nfd7 8. d4
b5 9. Bd2 Qc7 10. Bd3 a6 11. O-O Be7 12. b4 Bb7 13. Bg5 Bd8 14. Ne4 O-O 15. Nd6
f6 16. Bxh7+ Kxh7 17. Qd3+ Kg8 18. Nxb7 Qxb7 19. Bh4 Nb6 20. Qg6 Qf7 21. Qg3
N8d7 22. exf6 Bxf6 23. Bxf6 Qxf6 24. Ng5 Qg6 25. Rfe1 Rae8 26. Qg4 Rf6 27. Re3
Nd5 28. Rh3 Nf4 29. Rh7 Nf8 30. Rh4 Rd8 31. g3 Ne2+ 32. Kf1 Rxd4 33. Qh3 Rxh4
34. Qxh4 Nc3 35. Rc1 Qd3+ 36. Kg2 Qd2 37. Rf1 Qd5+ 38. Nf3 Qxf3+ 0-1

[Event "34. ABC-Turnier 2014 - Gruppe E"]
[Site "Dortmund"]
[Date "2014.11.17"]
[Round "6.3"]
[White "Miska, Thomas"]
[Black "Schulz, Wolfgang"]
[Result "1-0"]
[WhiteElo "936"]
[BlackElo "994"]
[PlyCount "121"]
[EventDate "2014.??.??"]

1. e4 e5 2. Nf3 Nc6 3. Bb5 a6 4. Bxc6 bxc6 5. d3 Qf6 6. Bg5 Qd6 7. Nc3 Be7 8.
Bxe7 Nxe7 9. O-O O-O 10. Qd2 h6 11. a3 Ng6 12. Ne2 c5 13. g3 Bb7 14. Nh4 Nxh4
15. gxh4 Qe6 16. Ng3 Qg4 17. f3 Qf4 18. Qxf4 exf4 19. Ne2 d5 20. Nxf4 c4 21.
Nxd5 cxd3 22. cxd3 c5 23. Rac1 Rac8 24. Ne7+ Kh7 25. Nxc8 Rxc8 26. Rc3 a5 27.
Rfc1 Ba6 28. d4 c4 29. d5 Rb8 30. Rb1 a4 31. Kf2 Kg6 32. Rg1+ Kf6 33. Rb1 Ke5
34. Ke3 f5 35. f4+ Kf6 36. h5 fxe4 37. Kxe4 Re8+ 38. Kd4 Kf5 39. d6 Re4+ 40.
Kc5 Ke6 41. Rd1 Kd7 42. Rg3 c3 43. bxc3 Rc4+ 44. Kb6 Rc6+ 45. Ka5 Be2 46. Rxg7+
Ke6 47. Rc7 Bxd1 48. Rxc6 Kd7 49. Rb6 Bxh5 50. Kxa4 Bd1+ 51. Kb4 Bf3 52. Kc5 h5
53. h4 Be4 54. Rb4 Bd3 55. a4 Bf5 56. a5 Bd3 57. Rb5 Kc8 58. a6 Be4 59. a7 Bf3
60. Rb8+ Kd7 61. a8=Q 1-0

[Event "34. ABC-Turnier 2014 - Gruppe E"]
[Site "Dortmund"]
[Date "2014.11.20"]
[Round "6.5"]
[White "Reker, Gerhard"]
[Black "Schmidt, Andreas N"]
[Result "0-1"]
[WhiteElo "916"]
[BlackElo "1019"]
[PlyCount "60"]
[EventDate "2014.??.??"]

1. e4 e5 2. Bd3 Bc5 3. Nf3 Nc6 4. O-O Nf6 5. Bb5 Nxe4 6. Bxc6 dxc6 7. Nxe5 Qd4
8. Nd3 O-O 9. Qe1 Bf5 10. Nxc5 Nxc5 11. d3 Rae8 12. Qd2 Re6 13. Re1 Rfe8 14.
Re3 Nd7 15. a4 Ne5 16. Nc3 Ng4 17. Ne2 Rxe3 18. fxe3 Qd6 19. Ng3 Rxe3 20. Ra3
Rxg3 21. hxg3 Qxg3 22. d4 Qh2+ 23. Kf1 Qh1+ 24. Ke2 Qxg2+ 25. Ke1 Qg1+ 26. Ke2
Qf2+ 27. Kd1 Qf1+ 28. Qe1 Nf2+ 29. Kd2 Ne4+ 30. Kd1 Bg4+ 0-1

[Event "34. ABC-Turnier 2014 - Gruppe E"]
[Site "Dortmund"]
[Date "2014.11.27"]
[Round "7.1"]
[White "Schmidt, Andreas N"]
[Black "Sobottka, Hans-Gerald"]
[Result "1-0"]
[WhiteElo "1019"]
[BlackElo "956"]
[PlyCount "41"]
[EventDate "2014.??.??"]

1. e4 e5 2. d4 exd4 3. c3 d5 4. e5 Nc6 5. cxd4 Bb4+ 6. Nc3 Nge7 7. Nf3 Nf5 8.
a3 Bxc3+ 9. bxc3 O-O 10. Qc2 Re8 11. Bd3 g6 12. O-O f6 13. g4 Ng7 14. Bxg6 hxg6
15. Qxg6 Qe7 16. exf6 Qd7 17. Ng5 Qxg4+ 18. Kh1 Qd7 19. f7+ (19. Qh7+ Kf8 20.
Qh8#) 19... Kf8 20. Nh7+ Ke7 21. Bg5# 1-0

[Event "34. ABC-Turnier 2014 - Gruppe E"]
[Site "Dortmund"]
[Date "2014.11.27"]
[Round "7.3"]
[White "Schulz, Wolfgang"]
[Black "Wilkins, Petra"]
[Result "0-1"]
[WhiteElo "994"]
[BlackElo "1044"]
[PlyCount "68"]
[EventDate "2014.??.??"]

1. d4 d6 2. e4 Nf6 3. Nc3 g6 4. d5 Bg7 5. Bb5+ Nfd7 6. Nf3 O-O 7. O-O a6 8. Bd3
e5 9. dxe6 fxe6 10. Bg5 Nf6 11. Nh4 Qe8 12. Re1 Nc6 13. Bc4 b5 14. Be2 b4 15.
Bc4 bxc3 16. bxc3 Ne5 17. Bb3 Qc6 18. Qd4 Nh5 19. Ba4 Qc4 20. Red1 Nf3+ 21.
gxf3 Bxd4 22. Rxd4 Qxc3 23. Rad1 Nf4 24. Kh1 Kg7 25. R4d2 Qc5 26. Be7 Re8 27.
Bxd6 cxd6 28. Bxe8 Qg5 29. Rg1 Qxh4 30. Rg4 Qh3 31. Rxd6 Qxf3+ 32. Kg1 Qxg4+
33. Kf1 Qe2+ 34. Kg1 Qe1# 0-1

[Event "34. ABC-Turnier 2014 - Gruppe E"]
[Site "Dortmund"]
[Date "2014.12.04"]
[Round "8.2"]
[White "Miska, Thomas"]
[Black "Rabe, Mark"]
[Result "1-0"]
[WhiteElo "936"]
[BlackElo "1024"]
[PlyCount "129"]
[EventDate "2014.??.??"]

1. e4 d5 2. d3 dxe4 3. Nc3 exd3 4. Bxd3 e6 5. Nf3 Nf6 6. O-O Be7 7. Re1 O-O 8.
Bg5 Nc6 9. Bxf6 Bxf6 10. a3 a6 11. Rb1 b5 12. Ne2 e5 13. c4 Bg4 14. Be4 Qxd1
15. Rbxd1 Rad8 16. Bxc6 Rxd1 17. Rxd1 Rd8 18. Rxd8+ Bxd8 19. cxb5 axb5 20. Bxb5
Bf6 21. b3 e4 22. Nd2 c6 23. Bxc6 Bxe2 24. Bxe4 Bd8 25. Bd5 Kf8 26. f3 Bb6+ 27.
Kh1 Ke7 28. g4 f6 29. Kg2 h6 30. b4 Kd6 31. Nc4+ Kxd5 32. Nxb6+ Kc6 33. Na4 g5
34. Nc3 Bd3 35. Kf2 f5 36. b5+ Kb6 37. a4 Bc4 38. gxf5 Bf7 39. Ke3 h5 40. Ne4
Bb3 41. f6 Ka5 42. Nxg5 Kxa4 43. f7 Bxf7 44. Nxf7 Kxb5 45. f4 Kc6 46. Ke4 Kd7
47. Ne5+ Ke7 48. h4 Kf6 49. Nf3 Ke6 50. f5+ Kf6 51. Kf4 Kf7 52. Ke5 Kg7 53. Ng5
Kf8 54. Ke6 Kg7 55. Nf7 Kh7 56. Kf6 Kg8 57. Ng5 Kf8 58. Kg6 Kg8 59. f6 Kh8 60.
Ne4 Kg8 61. Kxh5 Kf7 62. Kg5 Ke6 63. Ng3 Kf7 64. h5 Kg8 65. h6 1-0

[Event "34. ABC-Turnier 2014 - Gruppe E"]
[Site "Dortmund"]
[Date "2014.12.04"]
[Round "8.4"]
[White "Reker, Gerhard"]
[Black "Schulz, Wolfgang"]
[Result "1-0"]
[WhiteElo "916"]
[BlackElo "994"]
[PlyCount "99"]
[EventDate "2014.??.??"]

1. e4 e5 2. Nc3 Nf6 3. Nf3 Nc6 4. Bb5 Ng4 5. O-O a6 6. Bxc6 bxc6 7. d3 Bc5 8.
h3 Nf6 9. Nxe5 O-O 10. Qf3 Bd4 11. Qg3 Nh5 12. Qg4 Bxe5 13. Qxh5 d6 14. Bd2 a5
15. a4 Bb7 16. Qg4 d5 17. Bh6 Qd6 18. Bd2 d4 19. Ne2 Bc8 20. Qh4 Rb8 21. b3 Qc5
22. Rac1 Qd6 23. Bxa5 c5 24. Bd2 Be6 25. Nf4 Bd7 26. Nd5 Rfe8 27. Ba5 Re6 28.
f4 Rh6 29. Qg3 Rg6 30. Qf3 Qa6 31. Bxc7 Bxc7 32. Nxc7 Qc6 33. Nd5 c4 34. Ne7+
Kf8 35. Nxc6 Bxc6 36. bxc4 Bxa4 37. Qh5 Kg8 38. Qa5 Bd7 39. f5 Rg5 40. Qc7 Re8
41. Qxd7 Kf8 42. Qxd4 h5 43. Qe3 f6 44. c5 h4 45. d4 Rg3 46. Qf4 Rc3 47. Qxh4
Rc4 48. Qh8+ Kf7 49. Qh5+ Kf8 50. Qe2 1-0

[Event "34. ABC-Turnier 2014 - Gruppe E"]
[Site "Dortmund"]
[Date "2014.12.18"]
[Round "9.2"]
[White "Schulz, Wolfgang"]
[Black "Schmidt, Andreas N"]
[Result "0-1"]
[WhiteElo "994"]
[BlackElo "1019"]
[PlyCount "66"]
[EventDate "2014.??.??"]

1. d4 d5 2. Nf3 Nc6 3. Bg5 f6 4. Bf4 Bf5 5. a3 Qd7 6. Nc3 O-O-O 7. e3 g5 8. Bg3
h5 9. h4 g4 10. Nd2 e5 11. Nb3 a6 12. Nc5 Bxc5 13. dxc5 Nh6 14. Be2 d4 15. Na4
Qd5 16. O-O dxe3 17. f3 Qe6 18. Qe1 Bxc2 19. Qc3 Bxa4 20. Bc4 Qe7 21. Qxe3 Nf5
22. Qf2 gxf3 23. Qxf3 Nxg3 24. Qxg3 Qxc5+ 25. Kh2 Qxc4 26. Qh3+ Kb8 27. Rxf6
Rd1 28. Rxd1 Bxd1 29. Qd7 Qxh4+ 30. Kg1 Qxf6 31. Qxd1 Nd4 32. Kh1 Rf8 33. Qxh5
Rh8 0-1

[Event "34. ABC-Turnier 2014 - Gruppe E"]
[Site "Dortmund"]
[Date "2014.12.18"]
[Round "9.4"]
[White "Rabe, Mark"]
[Black "Wilkins, Petra"]
[Result "1-0"]
[WhiteElo "1024"]
[BlackElo "1044"]
[PlyCount "145"]
[EventDate "2014.??.??"]

1. c4 Nf6 2. Nc3 c6 3. e4 e5 4. Nf3 d6 5. Be2 c5 6. d3 g6 7. Bg5 Nbd7 8. O-O h6
9. Bh4 Qb6 10. Qb3 Qc7 11. Qa4 Bg7 12. Bxf6 Bxf6 13. Nd5 Qd8 14. b4 O-O 15.
Rab1 Nb6 16. Nxb6 axb6 17. Qxa8 Bg5 18. bxc5 bxc5 19. a4 b6 20. Qc6 b5 21. axb5
Be7 22. b6 Bd7 23. Qc7 Qc8 24. Qxc8 Rxc8 25. b7 Rb8 26. Rb2 Bc6 27. Rfb1 Bd8
28. g3 Kf8 29. Nd2 Ke7 30. Bg4 h5 31. Bh3 Ba5 32. Nf1 Kd8 33. f4 Kc7 34. fxe5
dxe5 35. Nd2 Bxb7 36. Nf3 f6 37. g4 Bc3 38. Rb3 Ba5 39. gxh5 gxh5 40. Bf5 Rg8+
41. Kf2 Bc6 42. Be6 Re8 43. Bd5 Bb4 44. Ra1 Bd7 45. Ra8 Re7 46. Rb1 Bg4 47.
Ra7+ Kd8 48. Rxe7 Kxe7 49. Nh4 Kf8 50. Ng6+ Kg7 51. Ne7 Kh6 52. Rg1 Kg5 53. Ng8
Bc3 54. Kg2 Bd2 55. h3 Be2 56. Kf2+ Bg4 57. hxg4 hxg4 58. Be6 Kh5 59. Nxf6+ Kg5
60. Nxg4 Kf4 61. Rf1 Bc3 62. Ke2+ Kg5 63. Kf3 Bd2 64. Nxe5 Kf6 65. Ke2+ Kxe5
66. Kxd2 Kxe6 67. Rf5 Kd6 68. Ke3 Ke6 69. d4 cxd4+ 70. Kxd4 Kd6 71. c5+ Kd7 72.
Rd5+ Kc7 73. e5 1-0

[Event "34. ABC-Turnier 2014 - Gruppe C Extra"]
[Site "Dortmund"]
[Date "2014.10.02"]
[Round "?"]
[White "Vogt, Christian"]
[Black "Flierdl, Lothar"]
[Result "1-0"]
[WhiteElo "1545"]
[BlackElo "1555"]
[PlyCount "65"]
[EventDate "2014.??.??"]

1. d4 f5 2. e4 fxe4 3. Nc3 d5 4. Qh5+ g6 5. Qxd5 Nf6 6. Qxd8+ Kxd8 7. Bf4 a6 8.
h3 h6 9. O-O-O Be6 10. f3 exf3 11. Nxf3 Nbd7 12. Re1 Bf7 13. Ne5 Nxe5 14. dxe5
Nh5 15. Bh2 Ng7 16. Be2 c6 17. Rhf1 Be6 18. g4 Kc7 19. Bd3 g5 20. Bg1 Rd8 21.
Na4 Kb8 22. Bb6 Re8 23. c4 Rc8 24. Nc5 h5 25. Nxe6 Nxe6 26. Bf5 Rh6 27. gxh5
Re8 28. Bg6 Rc8 29. Rf7 Nf4 30. Bf5 e6 31. Be4 Rxh5 32. Kb1 Rxh3 33. Rd1 {
Der Teilnehmer Flierdl,Lothar trat aus gesundheitlichen Gruenden nach dieser
Partie aus Runde 1 vom Turnier zurueck. Vergleiche auch den Kommentar zu
Partie 91.} 1-0